| 000 | 00691nam a2200181Ia 4500 | ||
|---|---|---|---|
| 008 | 100122s9999 xx 000 0 und d | ||
| 082 |
_b17037 _a821 |
||
| 100 | _aमोरोपंत | ||
| 245 | _aआर्याभारत - 1- आदि-सभा- वन- विराट | ||
| 250 | _a0 | ||
| 260 |
_bयशवंत प्रकाशन _c1912 |
||
| 300 | _a78 | ||
| 520 | _aमाळयावर- गठ्ठा- 1 | ||
| 620 | _aमाळयावर- गठ्ठा- 1 | ||
| 630 | _aआर्याभारत - 1- आदि-सभा- वन- विराट | ||
| 730 | _aआर्याभारत - 1- आदि-सभा- वन- विराट | ||
| 942 | _cBOOK | ||
| 999 |
_c406869 _d406866 |
||